000 00611nam a2200217Ia 4500
003 GCL
008 140319s9999 xx 000 0 eng d
040 _aGCL /
_cGCL
082 0 4 _a305.562
_bL W
100 1 _aLOCKMAN, ZACHARY
245 1 0 _aWORKERS AND WORKING CLASSES IN THE MIDDLE EAST: STRUGGLES HISTORIES HISLORIOGRAPHIES /
_cLOCKMAN, ZACHARY
260 _a[S.N] :
_bSTATE UNVIERSITY ،
_c1994
300 _a341 P
650 0 4 _aنايل سات
650 0 4 _aWORKING CLASS
650 0 4 _aHISTORY
650 0 4 _aMIDDLE EAST
650 0 4 _aHISTORIOGRAPHY
650 0 4 _aLABOR MOVEMENT
942 _2ddc
_cBK
999 _c25208
_d25208